| 000 | 00523nam a2200145 a 4500 | ||
|---|---|---|---|
| 008 | 120416s0000 ||||||||||||||||| || u | ||
| 020 | _a0850124069 | ||
| 050 | _aHF 5548.2 Con | ||
| 100 | _aCondon, M. A | ||
| 245 | 1 | 0 | _aText Creation in the electronic office |
| 260 |
_aManchester _bThe National Computing Centre _c1984 |
||
| 300 | _a[vi], 98p. | ||
| 350 | _a0.00 | ||
| 995 |
_D0.00 _FCBU-MAIN LIBRARY (Kitwe) _H1 _I11.95 _UAVAILABLE _ZMain Library Open Access Collection |
||
| 999 |
_c59678 _d59678 |
||